Information security management handbook / (Record no. 614)

000 -LEADER
fixed length control field 01551cam a2200301 a 4500
001 - CONTROL NUMBER
control field 14441623
003 - CONTROL NUMBER IDENTIFIER
control field OSt
005 - DATE AND TIME OF LATEST TRANSACTION
control field 20140116120833.0
008 - FIXED-LENGTH DATA ELEMENTS--GENERAL INFORMATION
fixed length control field 060707m20072009flua bf 001 0 eng
020 ## - INTERNATIONAL STANDARD BOOK NUMBER
International Standard Book Number 9781420090925
Terms of availability v. 3
040 ## - CATALOGING SOURCE
Transcribing agency DLC
050 00 - LIBRARY OF CONGRESS CALL NUMBER
Classification number QA76.9.A25I54 2007
245 00 - TITLE STATEMENT
Title Information security management handbook /
Statement of responsibility, etc Harold F. Tipton, Micki Krause, [editors].
250 ## - EDITION STATEMENT
Edition statement 6th ed.
260 ## - PUBLICATION, DISTRIBUTION, ETC. (IMPRINT)
Place of publication, distribution, etc Boca Raton :
Name of publisher, distributor, etc Auerbach Publications,
Date of publication, distribution, etc 2009.
300 ## - PHYSICAL DESCRIPTION
Extent v. <2-4> :
Other physical details ill.
504 ## - BIBLIOGRAPHY, ETC. NOTE
Bibliography, etc Includes bibliographical references and index.
505 ## - FORMATTED CONTENTS NOTE
Formatted contents note Access control -- Telecommunications and network security-- Information security and risk management-- Application security-- Cytography-- Security architecture and design-- Operations security-- Business continuity planning and disaster recovery planning-- Legal regulations, compliance and investigation-- Physical security
650 #0 - SUBJECT ADDED ENTRY--TOPICAL TERM
Topical term or geographic name as entry element Computer security
General subdivision Management
Form subdivision Handbooks, manuals, etc.
650 #0 - SUBJECT ADDED ENTRY--TOPICAL TERM
Topical term or geographic name as entry element Data protection
Form subdivision Handbooks, manuals, etc.
700 1# - ADDED ENTRY--PERSONAL NAME
Personal name Tipton, Harold F.
700 1# - ADDED ENTRY--PERSONAL NAME
Personal name Krause, Micki.
856 41 - ELECTRONIC LOCATION AND ACCESS
Materials specified Table of contents only
Uniform Resource Identifier <a href="http://www.loc.gov/catdir/toc/fy1002/2006048504.html">http://www.loc.gov/catdir/toc/fy1002/2006048504.html</a>
856 42 - ELECTRONIC LOCATION AND ACCESS
Materials specified Publisher description
Uniform Resource Identifier <a href="http://www.loc.gov/catdir/enhancements/fy0668/2006048504-d.html">http://www.loc.gov/catdir/enhancements/fy0668/2006048504-d.html</a>
906 ## - LOCAL DATA ELEMENT F, LDF (RLIN)
a 7
b cbc
c orignew
d 1
e ocip
f 20
g y-gencatlg
942 ## - ADDED ENTRY ELEMENTS (KOHA)
Source of classification or shelving scheme
Koha item type Book
Holdings
Withdrawn status Lost status Source of classification or shelving scheme Damaged status Not for loan Home library Current library Date acquired Source of acquisition Total Checkouts Full call number Barcode Date last seen Date checked out Copy number Price effective from Koha item type
          Riara University Library Riara University Library 25/10/2011 Purchase 2 QA76.9.A25I54 2007 1615/11 19/02/2018 07/02/2018 C.1 25/10/2011 Book
          Riara University Library Riara University Library 25/10/2011 Purchase 1 QA76.9.A25I54 2007 1614/11 21/10/2016 14/10/2016 C.2 25/10/2011 Book
          Riara University Library Riara University Library 25/10/2011 Purchase 2 QA76.9.A25I54 2007 1613/11 12/03/2016 03/03/2016 C.3 25/10/2011 Book

Riara University Library,
P.O. Box 49940-00100,
Nairobi, Kenya.